000 01347cam a2200157 4500500
005 20251214002043.0
041 _afre
042 _adc
100 1 0 _aMorange, Marianne
_eauthor
700 1 0 _aSchmoll, Camille
_eauthor
700 1 0 _aToureille, Étienne
_eauthor
245 0 0 _aLes outils qualitatifs en géographie : Méthodes et applications
260 _bArmand Colin,
_c2016.
520 _aCet ouvrage décrit l’ensemble des méthodes et outils nécessaires pour mener à bien une enquête qualitative en géographie : quelle posture adopter sur le terrain ? Quelles techniques retenir ? Quel type d’observation choisir ? Comment mener une enquête et conduire un entretien ? Comment interpréter les données collectées et rédiger un compte-rendu ? Assorti de très nombreux exemples, issus de travaux récents, d’illustrations concrètes et d’exercices d’application en fin de chapitre, ce manuel constitue un véritable guide pratique à l’attention de tout apprenti chercheur, chargé d’étude ou enquêteur qui s’intéresse à la compréhension des faits sociaux-spatiaux. Les corrigés et des exercices complémentaires sont disponibles sur la rubrique ressources numériques.
856 4 1 _uhttps://shs.cairn.info/les-outils-qualitatifs-en-geographie--9782200601164?lang=fr&redirect-ssocas=7080
999 _c1566727
_d1566727